Football - Tous les joueurs vainqueurs de la coupe du monde de la FIFA - Statistiques

Statistiques générales
  • Ce quiz a été pris 112 fois
  • Le résultat moyen est 104 sur 493
Statistiques - réponses
Poste Joueur Date de naissance Club Sélection Nationale Date du titre % Correct
FW Kylian Mbappé 20 Décember 1998 (âge 19) Paris Saint-Germain France 2018
97%
GK Hugo Lloris 26 Décember 1986 (âge 31) Tottenham Hotspur France 2018
94%
FW Lionel Messi 24 Juin 1987 (âge 35) Paris Saint-Germain Argentine 2022
94%
FW Antoine Griezmann 21 Mars 1991 (âge 27) Atlético Madrid France 2018
92%
MF Paul Pogba 15 Mars 1993 (âge 25) Manchester United France 2018
90%
MF N'Golo Kanté 29 Mars 1991 (âge 27) Chelsea France 2018
88%
DF Adil Rami 27 Décember 1985 (âge 32) Marseille France 2018
87%
GK Emiliano Martínez 2 Septembre 1992 (âge 30) Aston Villa Argentine 2022
87%
MF Javi Martínez 2 Septembre 1988 (âge 21) Athletic Bilbao Espagne 2010
87%
FW Lautaro Martínez 22 Août 1997 (âge 25) Internazionale Argentine 2022
87%
DF Lisandro Martínez 18 Janvier 1998 (âge 24) Manchester United Argentine 2022
87%
FW Olivier Giroud 30 Septembre 1986 (âge 31) Chelsea France 2018
87%
DF William Martínez 13 Janvier 1928 (âge 22) RamplaJuniors Uruguay 1950
87%
DF Benjamin Pavard 28 Mars 1996 (âge 22) VfB Stuttgart France 2018
86%
DF Lucas Hernandez 14 Février 1996 (âge 22) Atlético Madrid France 2018
86%
DF Raphaël Varane 25 Avril 1993 (âge 25) Real Madrid France 2018
85%
DF Samuel Umtiti 14 Novembre 1993 (âge 24) Barcelona France 2018
85%
FW Ousmane Dembélé 15 Mai 1997 (âge 21) Barcelona France 2018
83%
GK Alphonse Areola 27 Février 1993 (âge 25) Paris Saint-Germain France 2018
82%
MF Corentin Tolisso 3 Août 1994 (âge 23) Bayern Munich France 2018
82%
MF Zinedine Zidane 23 Juin 1972 (âge 25) Juventus France 1998
82%
GK Steve Mandanda 28 Mars 1985 (âge 33) Marseille France 2018
81%
MF Steven Nzonzi 15 Décember 1988 (âge 29) Sevilla France 2018
81%
FW Ángel Di María 14 Février 1988 (âge 34) Juventus Argentine 2022
79%
MF Didier Deschamps 15 Octobre 1968 (âge 29) Juventus France 1998
79%
GK Manuel Neuer 27 Mars 1986 (âge 28) Bayern Munich Allemagne 2014
79%
DF Zé Maria 18 Mai 1949 (âge 21) Portuguesa Brésil 1970
79%
FW Florian Thauvin 26 Janvier 1993 (âge 25) Marseille France 2018
78%
FW Nabil Fekir 18 Juillet 1993 (âge 24) Lyon France 2018
78%
DF Presnel Kimpembe 13 Août 1995 (âge 22) Paris Saint-Germain France 2018
78%
FW Ronaldo 18 Septembre 1976 (âge 17) Cruzeiro Brésil 1994
78%
FW Ronaldo 18 Septembre 1976 (âge 25) Inter Milan Brésil 2002
78%
MF Blaise Matuidi 9 Avril 1987 (âge 31) Juventus France 2018
77%
DF Benjamin Mendy 17 Juillet 1994 (âge 23) Manchester City France 2018
76%
FW Thierry Henry 17 Août 1977 (âge 20) Monaco France 1998
76%
MF Andrés Iniesta 11 Mai 1984 (âge 26) Barcelona Espagne 2010
74%
MF Xavi 25 Janvier 1980 (âge 30) Barcelona Espagne 2010
74%
DF Djibril Sidibé 29 Juillet 1992 (âge 25) Monaco France 2018
73%
FW Pelé 23 Octobre 1940 (âge 17) Santos Brésil 1958
73%
FW Pelé 23 Octobre 1940 (âge 21) Santos Brésil 1962
73%
FW Pelé 23 Octobre 1940 (âge 29) Santos Brésil 1970
73%
GK Iker Casillas 20 Mai 1981 (âge 29) Real Madrid Espagne 2010
72%
MF Ronaldinho 21 Mars 1980 (âge 22) Paris Saint-Germain Brésil 2002
72%
FW Thomas Lemar 12 Novembre 1995 (âge 22) Monaco France 2018
72%
FW Gerd Müller 3 Novembre 1945 (âge 28) Bayern Munich Allemagne de l'Ouest 1974
71%
DF Mauro Ramos 30 Août 1930 (âge 27) São Paulo Brésil 1958
71%
DF Mauro Ramos 30 Août 1930 (âge 31) Santos Brésil 1962
71%
FW Müller Janvier 31, 1966 (âge 28) São Paulo Brésil 1994
71%
DF Sergio Ramos 30 Mars 1986 (âge 24) Real Madrid Espagne 2010
71%
FW Thomas Müller 13 Septembre 1989 (âge 24) Bayern Munich Allemagne 2014
71%
GK Fabien Barthez 28 Juin 1971 (âge 26) Monaco France 1998
69%
GK Ado 4 Juillet 1946 (âge 23) Corinthians Brésil 1970
68%
GK Gianluigi Buffon 28 Janvier 1978 (âge 28) Juventus Italie 2006
68%
DF Lilian Thuram 1 Janvier 1972 (âge 26) Parma France 1998
68%
FW Miroslav Klose 9 Juin 1978 (âge 36) Lazio Allemagne 2014
67%
FW Fernando Torres 20 Mars 1984 (âge 26) Liverpool Espagne 2010
65%
DF Nicolás Tagliafico 31 Août 1992 (âge 30) Lyon Argentine 2022
65%
MF Emmanuel Petit 22 Septembre 1970 (âge 27) Arsenal France 1998
64%
DF Philipp Lahm 11 Novembre 1983 (âge 30) Bayern Munich Allemagne 2014
64%
FW David Trezeguet 15 Octobre 1977 (âge 20) Monaco France 1998
63%
FW Julián Álvarez 31 Janvier 2000 (âge 22) Manchester City Argentine 2022
63%
DF Laurent Blanc 19 Novembre 1965 (âge 32) Marseille France 1998
63%
MF Mesut Özil 15 Octobre 1988 (âge 25) Arsenal Allemagne 2014
63%
FW David Villa 3 Décember 1981 (âge 28) Valencia Espagne 2010
62%
DF Gerard Piqué 2 Février 1987 (âge 23) Barcelona Espagne 2010
62%
MF Ricardo Villa 18 Août 1952 (âge 25) Racing Club Argentine 1978
62%
DF Bixente Lizarazu 9 Décember 1969 (âge 28) Bayern Munich France 1998
60%
DF Marcel Desailly 7 Septembre 1968 (âge 29) Milan France 1998
60%
DF Nicolás Otamendi 12 Février 1988 (âge 34) Benfica Argentine 2022
60%
MF Rivaldo 19 Avril 1972 (âge 30) Barcelona Brésil 2002
60%
DF Roberto Carlos 10 Avril 1973 (âge 29) Real Madrid Brésil 2002
60%
DF Carles Puyol 13 Avril 1978 (âge 32) Barcelona Espagne 2010
59%
MF Enzo Fernández 17 Janvier 2001 (âge 21) Benfica Argentine 2022
59%
MF Lorenzo Fernández 20 Mai 1900 (âge 30) Peñarol Uruguay 1930
59%
DF Mats Hummels 16 Décember 1988 (âge 25) Borussia Dortmund Allemagne 2014
59%
MF Patrick Vieira 23 Juin 1976 (âge 21) Arsenal France 1998
59%
MF Rodrigo De Paul 24 Mai 1994 (âge 28) Atlético Madrid Argentine 2022
59%
GK Bernard Lama 7 Avril 1963 (âge 35) Paris Saint-Germain France 1998
58%
MF Sami Khedira 4 Avril 1987 (âge 27) Real Madrid Allemagne 2014
58%
MF Sergio Busquets 16 Juillet 1988 (âge 21) Barcelona Espagne 2010
58%
MF Mario Götze 3 Juin 1992 (âge 22) Bayern Munich Allemagne 2014
56%
MF Robert Pires 29 Octobre 1973 (âge 24) Metz France 1998
56%
MF Andrea Pirlo 19 Mai 1979 (âge 27) Milan Italie 2006
55%
DF Fabio Cannavaro 13 Septembre 1973 (âge 32) Juventus Italie 2006
55%
MF Toni Kroos 4 Janvier 1990 (âge 24) Bayern Munich Allemagne 2014
55%
MF David Silva 8 Janvier 1986 (âge 24) Valencia Espagne 2010
54%
MF Gilberto Silva 7 Octobre 1976 (âge 25) Atlético Mineiro Brésil 2002
54%
DF Jérôme Boateng 3 Septembre 1988 (âge 25) Bayern Munich Allemagne 2014
54%
MF Mauro Silva Janvier 12, 1968 (âge 26) Deportivo La Coruña Brésil 1994
54%
MF Norberto Alonso 4 Janvier 1953 (âge 25) River Plate Argentine 1978
54%
MF Xabi Alonso 25 Novembre 1981 (âge 28) Real Madrid Espagne 2010
54%
FW Francesco Totti 27 Septembre 1976 (âge 29) Roma Italie 2006
53%
FW Paulo Dybala 15 Novembre 1993 (âge 29) Roma Argentine 2022
53%
DF Cafu Juin 7, 1970 (âge 24) São Paulo Brésil 1994
51%
DF Cafu 7 Juin 1970 (âge 31) Roma Brésil 2002
51%
MF Diego Maradona 30 Octobre 1960 (âge 25) Napoli Argentine 1986
51%
DF Frank Leboeuf 22 Janvier 1968 (âge 30) Chelsea France 1998
51%
DF Hans Bauer 28 Juillet 1927 (âge 26) Bayern Munich Allemagne de l'Ouest 1954
51%
MF Bastian Schweinsteiger 1 Août 1984 (âge 29) Bayern Munich Allemagne 2014
50%
MF Christian Karembeu 3 Décember 1970 (âge 27) Real Madrid France 1998
50%
FW Christophe Dugarry 24 Mars 1972 (âge 26) Marseille France 1998
50%
MF Kaká 22 Avril 1982 (âge 20) São Paulo Brésil 2002
50%
FW Stéphane Guivarc'h 6 Septembre 1970 (âge 27) Auxerre France 1998
50%
MF Youri Djorkaeff 9 Mars 1968 (âge 30) Inter Milan France 1998
50%
FW Alessandro Del Piero 9 Novembre 1974 (âge 31) Juventus Italie 2006
47%
MF Cesc Fàbregas 4 Mai 1987 (âge 23) Arsenal Espagne 2010
47%
MF Daniele De Rossi 24 Juillet 1983 (âge 22) Roma Italie 2006
47%
FW Dida 26 Mars 1934 (âge 24) Flamengo Brésil 1958
47%
GK Dida 7 Octobre 1973 (âge 28) Corinthians Brésil 2002
47%
DF Franz Beckenbauer 11 Septembre 1945 (âge 28) Bayern Munich Allemagne de l'Ouest 1974
47%
FW Paolo Rossi 23 Septembre 1956 (âge 25) Juventus Italie 1982
47%
GK Víctor Valdés 14 Janvier 1982 (âge 28) Barcelona Espagne 2010
47%
DF Marco Materazzi 19 Août 1973 (âge 32) Internazionale Italie 2006
46%
MF Alexis Mac Allister 24 Décember 1998 (âge 23) Brighton & Hove Albion Argentine 2022
45%
MF Papu Gómez 15 Février 1988 (âge 34) Sevilla Argentine 2022
45%
DF Alessandro Nesta 19 Mars 1976 (âge 30) Milan Italie 2006
44%
MF Leandro Paredes 29 Juin 1994 (âge 28) Juventus Argentine 2022
44%
MF Bobby Charlton 11 Octobre 1937 (âge 28) Manchester United Angleterre 1966
42%
DF Jack Charlton 8 Mai 1935 (âge 31) Leeds United Angleterre 1966
42%
FW Pedro 28 Juillet 1987 (âge 22) Barcelona Espagne 2010
42%
FW Romário Janvier 29, 1966 (âge 28) Barcelona Brésil 1994
41%
MF Gennaro Gattuso 9 Janvier 1978 (âge 28) Milan Italie 2006
40%
FW Carlos Romero 7 Septembre 1927 (âge 22) Danubio Uruguay 1950
38%
DF Cristian Romero 27 Avril 1998 (âge 24) Tottenham Hotspur Argentine 2022
38%
FW Filippo Inzaghi 9 Août 1973 (âge 32) Milan Italie 2006
38%
GK Gerónimo Rulli 20 Mai 1992 (âge 30) Villarreal Argentine 2022
38%
FW Garrincha 28 Octobre 1933 (âge 24) Botafogo Brésil 1958
36%
FW Garrincha 28 Octobre 1933 (âge 28) Botafogo Brésil 1962
36%
GK Lionel Charbonnier 25 Octobre 1966 (âge 31) Auxerre France 1998
35%
DF Marcos Acuña 28 Octobre 1991 (âge 31) Sevilla Argentine 2022
35%
DF Nahuel Molina 6 Avril 1998 (âge 24) Atlético Madrid Argentine 2022
35%
GK Pepe Reina 31 Août 1982 (âge 27) Liverpool Espagne 2010
35%
MF Jesús Navas 21 Novembre 1985 (âge 24) Sevilla Espagne 2010
33%
DF Per Mertesacker 29 Septembre 1984 (âge 29) Arsenal Allemagne 2014
33%
DF Vincent Candela 24 Octobre 1973 (âge 24) Roma France 1998
33%
FW Lukas Podolski 4 Juin 1985 (âge 29) Arsenal Allemagne 2014
32%
MF Alain Boghossian 27 Octobre 1970 (âge 27) Sampdoria France 1998
31%
FW André Schürrle 6 Novembre 1990 (âge 23) Chelsea Allemagne 2014
31%
DF Benedikt Höwedes 29 Février 1988 (âge 26) Schalke 04 Allemagne 2014
31%
DF Gonzalo Montiel 1 Janvier 1997 (âge 25) Sevilla Argentine 2022
31%
MF Guido Rodríguez 12 Avril 1994 (âge 28) Real Betis Argentine 2022
31%
MF Lothar Matthäus 21 Mars 1961 (âge 29) Internazionale Allemagne de l'Ouest 1990
31%
DF Lúcio 8 Mai 1978 (âge 24) Bayer Leverkusen Brésil 2002
31%
MF Luis Monti 15 Mai 1901 (âge 33) Juventus Italie 1934
31%
MF Bernard Diomède 23 Janvier 1974 (âge 24) Auxerre France 1998
29%
MF Julian Draxler 20 Septembre 1993 (âge 20) Schalke 04 Allemagne 2014
29%
MF Raí Mai 15, 1965 (âge 29) Paris Saint-Germain Brésil 1994
29%
DF Álvaro Arbeloa 17 Janvier 1983 (âge 27) Real Madrid Espagne 2010
28%
FW Ángel Correa 9 Mars 1995 (âge 27) Atlético Madrid Argentine 2022
28%
FW Bebeto Février 16, 1964 (âge 30) Deportivo La Coruña Brésil 1994
28%
MF Exequiel Palacios 5 Octobre 1998 (âge 24) Bayer Leverkusen Argentine 2022
27%
DF Fabio Grosso 28 Novembre 1977 (âge 28) Palermo Italie 2006
27%
DF Gianluca Zambrotta 19 Février 1977 (âge 29) Juventus Italie 2006
27%
FW Luca Toni 26 Mai 1977 (âge 29) Fiorentina Italie 2006
27%
MF Karl Mai 27 Juillet 1928 (âge 25) SpVgg Fürth Allemagne de l'Ouest 1954
26%
MF Thiago Almada 26 Avril 2001 (âge 21) Atlanta United FC Argentine 2022
26%
MF Zinho Juin 17, 1967 (âge 27) Palmeiras Brésil 1994
26%
DF Joan Capdevila 3 Février 1978 (âge 32) Villarreal Espagne 2010
24%
GK Franco Armani 16 Octobre 1986 (âge 36) River Plate Argentine 2022
23%
DF Raúl Albiol 4 Septembre 1985 (âge 24) Real Madrid Espagne 2010
23%
GK Roman Weidenfeller 6 Août 1980 (âge 33) Borussia Dortmund Allemagne 2014
23%
GK Cláudio Taffarel Mai 8, 1966 (âge 28) Reggiana Brésil 1994
22%
GK Dino Zoff 28 Février 1942 (âge 40) Juventus Italie 1982
22%
MF Dunga Octobre 31, 1963 (âge 30) VfB Stuttgart Brésil 1994
22%
DF Franco Baresi 8 Mai 1960 (âge 22) Milan Italie 1982
22%
FW Jairzinho 25 Décember 1944 (âge 25) Botafogo Brésil 1970
22%
DF Juan Foyth 12 Janvier 1998 (âge 24) Villarreal Argentine 2022
22%
MF Juan Mata 28 Avril 1988 (âge 22) Valencia Espagne 2010
22%
FW Rudi Völler 13 Avril 1960 (âge 30) Roma Allemagne de l'Ouest 1990
22%
DF Bobby Moore 12 Avril 1941 (âge 25) West Ham United Angleterre 1966
21%
FW Jair da Costa 9 Juillet 1940 (âge 21) Portuguesa Brésil 1962
21%
FW Jürgen Klinsmann 30 Juillet 1964 (âge 25) Internazionale Allemagne de l'Ouest 1990
21%
DF Shkodran Mustafi 17 Avril 1992 (âge 22) Sampdoria Allemagne 2014
21%
DF Carlos Alberto 17 Juillet 1944 (âge 25) Santos Brésil 1970
19%
DF Daniel Passarella 25 Mai 1953 (âge 25) River Plate Argentine 1978
19%
DF Daniel Passarella 25 Mai 1953 (âge 33) Fiorentina Argentine 1986
19%
FW Mario Kempes 15 Juillet 1954 (âge 23) Valencia Argentine 1978
19%
DF Andrea Barzagli 8 Mai 1981 (âge 25) Palermo Italie 2006
18%
FW Fernando Llorente 26 Février 1985 (âge 25) Athletic Bilbao Espagne 2010
18%
DF Andreas Brehme 9 Novembre 1960 (âge 29) Internazionale Allemagne de l'Ouest 1990
17%
MF Christoph Kramer 19 Février 1991 (âge 23) Borussia Mönchengladbach Allemagne 2014
17%
DF Edmílson 10 Juillet 1976 (âge 25) Lyon Brésil 2002
17%
DF Júnior 20 Juin 1973 (âge 28) Parma Brésil 2002
17%
DF Matthias Ginter 19 Janvier 1994 (âge 20) SC Freiburg Allemagne 2014
17%
DF Roque Júnior 31 Août 1976 (âge 25) Milan Brésil 2002
17%
MF Alan Ball 12 Mai 1945 (âge 21) Blackpool Angleterre 1966
15%
FW Rubén Morán 6 Août 1930 (âge 19) Cerro Uruguay 1950
15%
FW Alberto Gilardino 5 Juillet 1982 (âge 23) Milan Italie 2006
14%
MF Jorge Burruchaga 9 Octobre 1962 (âge 23) Nantes Argentine 1986
14%
MF Mauro Camoranesi 4 Octobre 1976 (âge 29) Juventus Italie 2006
14%
DF Germán Pezzella 27 Juin 1991 (âge 31) Real Betis Argentine 2022
13%
MF Giuseppe Meazza 23 Août 1910 (âge 23) Ambrosiana-Inter Italie 1934
13%
MF Giuseppe Meazza 23 Août 1910 (âge 27) Ambrosiana-Inter Italie 1938
13%
GK Rogério Ceni 22 Janvier 1973 (âge 29) São Paulo Brésil 2002
13%
FW Vavá 12 Novembre 1934 (âge 23) Vasco da Gama Brésil 1958
13%
FW Vavá 12 Novembre 1934 (âge 27) Palmeiras Brésil 1962
13%
MF Didi 8 Octobre 1928 (âge 29) Botafogo Brésil 1958
12%
MF Didi 8 Octobre 1928 (âge 33) Botafogo Brésil 1962
12%
DF Djalma Santos 27 Février 1929 (âge 29) Portuguesa Brésil 1958
12%
DF Djalma Santos 27 Février 1929 (âge 33) Palmeiras Brésil 1962
12%
DF Márcio Santos Septembre 15, 1969 (âge 24) Bordeaux Brésil 1994
12%
DF Nílton Santos 16 Mai 1925 (âge 33) Botafogo Brésil 1958
12%
DF Nílton Santos 16 Mai 1925 (âge 37) Botafogo Brésil 1962
12%
GK Sepp Maier 28 Février 1944 (âge 30) Bayern Munich Allemagne de l'Ouest 1974
12%
DF Aldair Novembre 30, 1965 (âge 28) Roma Brésil 1994
10%
FW Denílson 24 Août 1977 (âge 24) Real Betis Brésil 2002
10%
GK Gordon Banks 30 Décember 1937 (âge 28) Leicester City Angleterre 1966
10%
DF Juan Carlos González 22 Août 1924 (âge 25) Peñarol Uruguay 1950
10%
MF Leonardo Septembre 5, 1969 (âge 24) São Paulo Brésil 1994
10%
DF Matías González 6 Août 1925 (âge 24) Cerro Uruguay 1950
10%
MF Simone Perrotta 17 Septembre 1977 (âge 28) Roma Italie 2006
10%
DF Jürgen Kohler 6 Octobre 1965 (âge 24) Bayern Munich Allemagne de l'Ouest 1990
9%
DF Kevin Großkreutz 19 Juillet 1988 (âge 25) Borussia Dortmund Allemagne 2014
9%
GK Marcos 4 Août 1973 (âge 28) Palmeiras Brésil 2002
9%
DF Massimo Oddo 14 Juin 1976 (âge 29) Lazio Italie 2006
9%
FW Vincenzo Iaquinta 21 Novembre 1979 (âge 26) Udinese Italie 2006
9%
GK Andreas Köpke 12 Mars 1962 (âge 28) 1. FC Nürnberg Allemagne de l'Ouest 1990
8%
GK Gilmar 22 Août 1930 (âge 27) Corinthians Brésil 1958
8%
GK Gilmar 22 Août 1930 (âge 31) Santos Brésil 1962
8%
DF Paul Breitner 5 Septembre 1951 (âge 22) Bayern Munich Allemagne de l'Ouest 1974
8%
FW Pepe 25 Février 1935 (âge 23) Santos Brésil 1958
8%
FW Pepe 25 Février 1935 (âge 27) Santos Brésil 1962
8%
MF Andreas Möller 2 Septembre 1967 (âge 22) Borussia Dortmund Allemagne de l'Ouest 1990
6%
DF Erik Durm 12 Mai 1992 (âge 22) Borussia Dortmund Allemagne 2014
6%
FW Geoff Hurst 8 Décember 1941 (âge 24) West Ham United Angleterre 1966
6%
MF Gérson 11 Janvier 1941 (âge 29) São Paulo Brésil 1970
6%
DF Giuseppe Bergomi 22 Décember 1963 (âge 18) Internazionale Italie 1982
6%
FW Helmut Rahn 16 Août 1929 (âge 24) Rot-Weiss Essen Allemagne de l'Ouest 1954
6%
MF Juninho Paulista 22 Février 1973 (âge 29) Flamengo Brésil 2002
6%
MF Kléberson 19 Juin 1979 (âge 22) Atlético Paranaense Brésil 2002
6%
FW Mário Zagallo 9 Août 1931 (âge 26) Flamengo Brésil 1958
6%
FW Mário Zagallo 9 Août 1931 (âge 30) Botafogo Brésil 1962
6%
MF Pierre Littbarski 16 Avril 1960 (âge 30) 1. FC Köln Allemagne de l'Ouest 1990
6%
MF Rivellino 1 Janvier 1946 (âge 24) Corinthians Brésil 1970
6%
GK Ron-Robert Zieler 12 Février 1989 (âge 25) Hannover 96 Allemagne 2014
6%
FW Uli Hoeneß 5 Janvier 1952 (âge 22) Bayern Munich Allemagne de l'Ouest 1974
6%
GK Angelo Peruzzi 16 Février 1970 (âge 36) Lazio Italie 2006
5%
DF Berti Vogts 30 Décember 1946 (âge 27) Borussia Mönchengladbach Allemagne de l'Ouest 1974
5%
DF Claudio Gentile 27 Septembre 1953 (âge 28) Juventus Italie 1982
5%
DF Gaetano Scirea 25 Mai 1953 (âge 29) Juventus Italie 1982
5%
FW Jorge Valdano 4 Octobre 1955 (âge 30) Real Madrid Argentine 1986
5%
DF Jorginho Août 17, 1964 (âge 29) Bayern Munich Brésil 1994
5%
DF José Luis Brown 10 Novembre 1956 (âge 29) Deportivo Español Argentine 1986
5%
DF Juliano Belletti 20 Juin 1976 (âge 25) São Paulo Brésil 2002
5%
FW Julio Pérez 19 Juin 1926 (âge 24) RiverPlate Uruguay 1950
5%
MF Marco Tardelli 24 Septembre 1954 (âge 27) Juventus Italie 1982
5%
MF Paulo Sérgio Juin 2, 1969 (âge 25) Bayer Leverkusen Brésil 1994
5%
FW Pedro Cea 1 Septembre 1900 (âge 29) Nacional Uruguay 1930
5%
MF Thomas Häßler 30 Mai 1966 (âge 24) 1. FC Köln Allemagne de l'Ouest 1990
5%
FW Viola Janvier 1, 1969 (âge 25) Corinthians Brésil 1994
5%
FW Alessandro Altobelli 28 Novembre 1955 (âge 26) Internazionale Italie 1982
4%
DF Antonio Cabrini 8 Octobre 1957 (âge 24) Juventus Italie 1982
4%
GK Bodo Illgner 7 Avril 1967 (âge 23) 1. FC Köln Allemagne de l'Ouest 1990
4%
DF Branco Avril 4, 1964 (âge 30) Fluminense Brésil 1994
4%
MF Bruno Conti 13 Mars 1955 (âge 27) Roma Italie 1982
4%
DF Cristian Zaccardo 21 Décember 1981 (âge 24) Palermo Italie 2006
4%
FW Edílson 17 Septembre 1971 (âge 30) Cruzeiro Brésil 2002
4%
FW Juan Alberto Schiaffino 28 Juillet 1925 (âge 24) Peñarol Uruguay 1950
4%
FW Jupp Heynckes 9 Mai 1945 (âge 29) Borussia Mönchengladbach Allemagne de l'Ouest 1974
4%
FW Leopoldo Luque 3 Mai 1949 (âge 29) River Plate Argentine 1978
4%
GK Marco Amelia 2 Avril 1982 (âge 24) Livorno Italie 2006
4%
MF Osvaldo Ardiles 3 Août 1952 (âge 25) Huracán Argentine 1978
4%
GK Raimond Aumann 12 Octobre 1963 (âge 26) Bayern Munich Allemagne de l'Ouest 1990
4%
FW Tostão 25 Janvier 1947 (âge 23) Cruzeiro Brésil 1970
4%
GK Ubaldo Fillol 21 Juillet 1950 (âge 27) River Plate Argentine 1978
4%
MF Vampeta 13 Mars 1974 (âge 28) Corinthians Brésil 2002
4%
MF Wolfgang Overath 29 Septembre 1943 (âge 30) 1. FC Köln Allemagne de l'Ouest 1974
4%
DF Ânderson Polga 9 Février 1979 (âge 23) Grêmio Brésil 2002
3%
GK Aníbal Paz 21 Mai 1917 (âge 33) Nacional Uruguay 1950
3%
MF Clodoaldo 26 Septembre 1949 (âge 20) Santos Brésil 1970
3%
FW Daniel Bertoni 14 Mars 1955 (âge 23) Independiente Argentine 1978
3%
FW Frank Mill 23 Juillet 1958 (âge 31) Borussia Dortmund Allemagne de l'Ouest 1990
3%
FW Fritz Walter 31 Octobre 1920 (âge 33) 1. FC Kaiserslautern Allemagne de l'Ouest 1954
3%
DF Guido Buchwald 24 Janvier 1961 (âge 29) VfB Stuttgart Allemagne de l'Ouest 1990
3%
FW Jimmy Greaves 20 Février 1940 (âge 26) Tottenham Hotspur Angleterre 1966
3%
MF José Leandro Andrade 22 Novembre 1901 (âge 28) Nacional Uruguay 1930
3%
FW Jürgen Grabowski 7 Juillet 1944 (âge 29) Eintracht Frankfurt Allemagne de l'Ouest 1974
3%
FW Karl-Heinz Riedle 16 Septembre 1965 (âge 24) Werder Bremen Allemagne de l'Ouest 1990
3%
GK Leão 11 Juillet 1949 (âge 20) Palmeiras Brésil 1970
3%
FW Luizão 14 Novembre 1975 (âge 26) Grêmio Brésil 2002
3%
FW Max Morlock 11 Mai 1925 (âge 29) 1. FC Nürnberg Allemagne de l'Ouest 1954
3%
MF Mazinho Avril 8, 1966 (âge 28) Palmeiras Brésil 1994
3%
MF Obdulio Varela 20 Septembre 1917 (âge 32) Peñarol Uruguay 1950
3%
MF Olaf Thon 1 Mai 1966 (âge 24) Bayern Munich Allemagne de l'Ouest 1990
3%
FW Ottmar Walter 6 Mars 1924 (âge 30) 1. FC Kaiserslautern Allemagne de l'Ouest 1954
3%
DF Paul Steiner 23 Janvier 1957 (âge 33) 1. FC Köln Allemagne de l'Ouest 1990
3%
MF Ricardinho 23 Mai 1976 (âge 26) Corinthians Brésil 2002
3%
FW Sergio Bertoni 23 Septembre 1915 (âge 22) Pisa Italie 1938
3%
MF Simone Barone 30 Avril 1978 (âge 28) Palermo Italie 2006
3%
DF Stefan Reuter 16 Octobre 1966 (âge 23) Bayern Munich Allemagne de l'Ouest 1990
3%
DF Thomas Berthold 12 Novembre 1964 (âge 25) Roma Allemagne de l'Ouest 1990
3%
MF Víctor Rodríguez Andrade 2 Mai 1927 (âge 23) Central Uruguay 1950
3%
DF Alberto Tarantini 3 Décember 1955 (âge 22) Libre Argentine 1978
1%
FW Alcides Ghiggia 22 Décember 1926 (âge 23) Peñarol Uruguay 1950
1%
FW Amarildo 29 Juin 1939 (âge 22) Botafogo Brésil 1962
1%
MF Attilio Ferraris 26 Mars 1904 (âge 30) Roma Italie 1934
1%
DF Carlos Marsena 31 Juillet 1979 (âge 30) Valencia Espagne 2010
1%
FW Edu 6 Août 1949 (âge 20) Santos Brésil 1970
1%
DF Emilio Recoba 3 Novembre 1904 (âge 25) Nacional Uruguay 1930
1%
FW Ernesto Vidal 15 Novembre 1921 (âge 28) Peñarol Uruguay 1950
1%
GK Félix 24 Décember 1937 (âge 32) Fluminense Brésil 1970
1%
GK Gianpiero Combi 20 Novembre 1902 (âge 31) Juventus Italie 1934
1%
GK Gilmar Rinaldi Janvier 13, 1959 (âge 35) Flamengo Brésil 1994
1%
FW Giovanni Ferrari 6 Décember 1907 (âge 26) Juventus Italie 1934
1%
FW Giovanni Ferrari 6 Décember 1907 (âge 30) Ambrosiana-Inter Italie 1938
1%
GK Guido Masetti 22 Novembre 1907 (âge 26) Roma Italie 1934
1%
GK Guido Masetti 22 Novembre 1907 (âge 30) Roma Italie 1938
1%
MF Günter Hermann 5 Décember 1960 (âge 29) Werder Bremen Allemagne de l'Ouest 1990
1%
MF Günter Netzer 14 Septembre 1944 (âge 29) Real Madrid Allemagne de l'Ouest 1974
1%
DF Hans-Georg Schwarzenbeck 3 Avril 1948 (âge 26) Bayern Munich Allemagne de l'Ouest 1974
1%
DF Hans Pflügler 27 Mars 1960 (âge 30) Bayern Munich Allemagne de l'Ouest 1990
1%
FW Héctor Castro 29 Novembre 1904 (âge 25) Nacional Uruguay 1930
1%
MF Héctor Enrique 26 Avril 1962 (âge 24) River Plate Argentine 1986
1%
FW Héctor Scarone 26 Novembre 1898 (âge 31) Nacional Uruguay 1930
1%
DF Hilderaldo Bellini 7 Juin 1930 (âge 28) Vasco da Gama Brésil 1958
1%
DF Hilderaldo Bellini 7 Juin 1930 (âge 31) São Paulo Brésil 1962
1%
FW Joel Antônio Martins 11 Novembre 1931 (âge 26) Flamengo Brésil 1958
1%
FW José Altafini 24 Juillet 1938 (âge 19) Palmeiras Brésil 1958
1%
DF José Nasazzi 24 Mai 1901 (âge 29) Bella Vista Uruguay 1930
1%
DF Klaus Augenthaler 26 Septembre 1957 (âge 32) Bayern Munich Allemagne de l'Ouest 1990
1%
GK Nery Pumpido 30 Juillet 1957 (âge 28) River Plate Argentine 1986
1%
DF Norman Hunter 29 Octobre 1943 (âge 22) Leeds United Angleterre 1966
1%
DF Oscar Ruggeri 26 Janvier 1962 (âge 24) River Plate Argentine 1986
1%
FW Peregrino Anselmo 30 Avril 1902 (âge 28) Peñarol Uruguay 1930
1%
FW Pietro Ferraris 15 Février 1912 (âge 26) Ambrosiana-Inter Italie 1938
1%
MF Rainer Bonhof 29 Mars 1952 (âge 22) Borussia Mönchengladbach Allemagne de l'Ouest 1974
1%
DF Ricardo Rocha Septembre 11, 1962 (âge 31) Vasco da Gama Brésil 1994
1%
MF Rodolfo Pini 12 Novembre 1926 (âge 23) Nacional Uruguay 1950
1%
FW Roger Hunt 20 Juillet 1938 (âge 27) Liverpool Angleterre 1966
1%
DF Ronaldão Juin 19, 1965 (âge 28) Shimizu S-Pulse Brésil 1994
1%
DF Schubert Gambetta 14 Avril 1920 (âge 30) Nacional Uruguay 1950
1%
MF Sergio Batista 9 Novembre 1962 (âge 23) Argentinos Juniors Argentine 1986
1%
FW Silvio Piola 29 Septembre 1913 (âge 24) Lazio Italie 1938
1%
GK Toni Turek 18 Janvier 1919 (âge 35) Fortuna Düsseldorf Allemagne de l'Ouest 1954
1%
MF Ugo Locatelli 5 Février 1916 (âge 22) Ambrosiana-Inter Italie 1938
1%
MF Uwe Bein 26 Septembre 1960 (âge 29) Eintracht Frankfurt Allemagne de l'Ouest 1990
1%
GK Zetti Janvier 10, 1965 (âge 29) São Paulo Brésil 1994
1%
MF Zito 18 Août 1932 (âge 25) Santos Brésil 1958
1%
MF Zito 18 Août 1932 (âge 29) Santos Brésil 1962
1%
MF Aldo Donati 29 Septembre 1910 (âge 27) Roma Italie 1938
0%
GK Aldo Olivieri 2 Octobre 1910 (âge 27) Lucchese Italie 1938
0%
DF Alfredo Foni 20 Janvier 1911 (âge 27) Juventus Italie 1938
0%
MF Alfred Pfaff 16 Juillet 1926 (âge 27) Eintracht Frankfurt Allemagne de l'Ouest 1954
0%
DF Altair 21 Janvier 1938 (âge 24) Fluminense Brésil 1962
0%
MF Álvaro Gestido 17 Mai 1907 (âge 23) Peñarol Uruguay 1930
0%
FW Amedeo Biavati 4 Avril 1915 (âge 23) Bologna Italie 1938
0%
MF Américo Gallego 25 Avril 1955 (âge 23) Newell's Old Boys Argentine 1978
0%
FW Anfilogino Guarisi 26 Décember 1905 (âge 28) Lazio Italie 1934
0%
MF Ángel Melogno 22 Mars 1905 (âge 25) Bella Vista Uruguay 1930
0%
FW Angelo Schiavio 15 Octobre 1905 (âge 28) Bologna Italie 1934
0%
MF Armando Castellazzi 7 Octobre 1904 (âge 29) Ambrosiana-Inter Italie 1934
0%
FW Attilio Demaria 19 Mars 1909 (âge 25) Ambrosiana-Inter Italie 1934
0%
DF Baldocchi 14 Mars 1946 (âge 24) Palmeiras Brésil 1970
0%
MF Bernd Hölzenbein 9 Mars 1946 (âge 28) Eintracht Frankfurt Allemagne de l'Ouest 1974
0%
MF Bernhard Cullmann 1 Novembre 1949 (âge 24) 1. FC Köln Allemagne de l'Ouest 1974
0%
FW Bernhard Klodt 26 Octobre 1926 (âge 27) FC Schalke 04 Allemagne de l'Ouest 1954
0%
DF Brito 9 Août 1939 (âge 30) Flamengo Brésil 1970
0%
MF Bruno Chizzo 19 Avril 1916 (âge 22) Triestina Italie 1938
0%
GK Carlo Ceresoli 14 Mai 1910 (âge 28) Bologna Italie 1938
0%
MF Carlos Riolfo 5 Novembre 1903 (âge 26) Peñarol Uruguay 1930
0%
MF Carlos Tapia 20 Août 1962 (âge 23) Boca Juniors Argentine 1986
0%
GK Castilho 27 Novembre 1927 (âge 30) Fluminense Brésil 1958
0%
GK Castilho 27 Novembre 1927 (âge 34) Fluminense Brésil 1962
0%
MF Claudio Borghi 28 Septembre 1964 (âge 21) Argentinos Juniors Argentine 1986
0%
MF Conduelo Píriz 17 Juin 1905 (âge 25) Nacional Uruguay 1930
0%
FW Coutinho 11 Juin 1943 (âge 18) Santos Brésil 1962
0%
FW Daniele Massaro 23 Mai 1961 (âge 21) Fiorentina Italie 1982
0%
DF Daniel Killer 21 Décember 1949 (âge 28) Racing Club Argentine 1978
0%
FW Dario 4 Mars 1946 (âge 24) Atlético Mineiro Brésil 1970
0%
DF De Sordi 14 Février 1931 (âge 27) São Paulo Brésil 1958
0%
FW Dieter Herzog 15 Juillet 1946 (âge 27) Fortuna Düsseldorf Allemagne de l'Ouest 1974
0%
MF Dino Sani 23 Mai 1932 (âge 26) São Paulo Brésil 1958
0%
DF Domingo Tejera 27 Juillet 1899 (âge 30) Montevideo Wanderers Uruguay 1930
0%
GK Enrique Ballesteros 18 Janvier 1905 (âge 25) Rampla Juniors Uruguay 1930
0%
FW Enrique Guaita 11 Juillet 1910 (âge 23) Roma Italie 1934
0%
DF Eraldo Monzeglio 5 Juin 1906 (âge 27) Bologna Italie 1934
0%
DF Eraldo Monzeglio 5 Juin 1906 (âge 31) Roma Italie 1938
0%
DF Ernesto Mascheroni 21 Novembre 1907 (âge 22) Olimpia Uruguay 1930
0%
DF Eusebio Tejera 6 Janvier 1922 (âge 28) Nacional Uruguay 1950
0%
DF Everaldo 11 Septembre 1944 (âge 25) Grêmio Brésil 1970
0%
FW Felice Borel 5 Avril 1914 (âge 20) Juventus Italie 1934
0%
DF Fontana 31 Décember 1940 (âge 29) Cruzeiro Brésil 1970
0%
FW Francesco Graziani 16 Décember 1952 (âge 29) Fiorentina Italie 1982
0%
MF Franco Causio 1 Février 1949 (âge 33) Udinese Italie 1982
0%
FW Franco Selvaggi 15 Mai 1953 (âge 29) Cagliari Italie 1982
0%
DF Fritz Laband 1 Novembre 1925 (âge 28) Hamburger SV Allemagne de l'Ouest 1954
0%
DF Fulvio Collovati 9 Mai 1957 (âge 25) Milan Italie 1982
0%
MF Gabriele Oriali 25 Novembre 1952 (âge 29) Internazionale Italie 1982
0%
DF George Cohen 22 Octobre 1939 (âge 26) Fulham Angleterre 1966
0%
MF George Eastham 23 Septembre 1936 (âge 29) Arsenal Angleterre 1966
0%
DF Gerry Byrne 29 Août 1938 (âge 27) Liverpool Angleterre 1966
0%
MF Giampiero Marini 25 Février 1951 (âge 31) Internazionale Italie 1982
0%
MF Giancarlo Antognoni 1 Avril 1954 (âge 28) Fiorentina Italie 1982
0%
FW Gino Colaussi 4 Mars 1914 (âge 24) Triestina Italie 1938
0%
GK Giovanni Galli 29 Avril 1958 (âge 24) Fiorentina Italie 1982
0%
GK Giuseppe Cavanna 18 Septembre 1905 (âge 28) Napoli Italie 1934
0%
MF Giuseppe Dossena 2 Mai 1958 (âge 24) Torino Italie 1982
0%
FW Hans Schäfer 19 Octobre 1927 (âge 26) 1. FC Köln Allemagne de l'Ouest 1954
0%
GK Héctor Baley 16 Novembre 1950 (âge 27) Huracán Argentine 1978
0%
DF Héctor Vilches 14 Février 1926 (âge 24) Cerro Uruguay 1950
0%
GK Héctor Zelada 30 Avril 1957 (âge 29) América Argentine 1986
0%
MF Heinz Flohe 28 Janvier 1948 (âge 26) 1. FC Köln Allemagne de l'Ouest 1974
0%
GK Heinz Kubsch 20 Juillet 1930 (âge 23) FK Pirmasens Allemagne de l'Ouest 1954
0%
GK Heinz Kwiatkowski 16 Juillet 1926 (âge 27) Borussia Dortmund Allemagne de l'Ouest 1954
0%
DF Helmut Kremers 24 Mars 1949 (âge 25) Schalke 04 Allemagne de l'Ouest 1974
0%
DF Herbert Erhardt 6 Juillet 1930 (âge 23) SpVgg Fürth Allemagne de l'Ouest 1954
0%
MF Herbert Wimmer 9 Novembre 1944 (âge 29) Borussia Mönchengladbach Allemagne de l'Ouest 1974
0%
DF Horst-Dieter Höttges 10 Septembre 1943 (âge 30) Werder Bremen Allemagne de l'Ouest 1974
0%
MF Horst Eckel 8 Février 1932 (âge 22) 1. FC Kaiserslautern Allemagne de l'Ouest 1954
0%
MF Ian Callaghan 10 Avril 1942 (âge 24) Liverpool Angleterre 1966
0%
GK Ivano Bordon 13 Avril 1951 (âge 31) Internazionale Italie 1982
0%
DF Jair Marinho 17 Juillet 1936 (âge 25) Fluminense Brésil 1962
0%
DF Jimmy Armfield 21 Septembre 1935 (âge 30) Blackpool Angleterre 1966
0%
DF Joel Camargo 18 Septembre 1946 (âge 23) Santos Brésil 1970
0%
FW John Connelly 18 Juillet 1938 (âge 27) Manchester United Angleterre 1966
0%
DF Jorge Olguin 17 Mai 1952 (âge 26) San Lorenzo Argentine 1978
0%
MF José Daniel Valencia 3 Octobre 1955 (âge 22) Talleres de Córdoba Argentine 1978
0%
DF Josef Posipal 20 Juin 1927 (âge 26) Hamburger SV Allemagne de l'Ouest 1954
0%
DF José Luis Cuciuffo 1 Février 1961 (âge 25) Vélez Sársfield Argentine 1986
0%
FW Juan Burgueño 4 Février 1923 (âge 27) Danubio Uruguay 1950
0%
FW Juan Carlos Calvo 26 Juin 1906 (âge 24) Miramar Misiones Uruguay 1930
0%
FW Julio César Britos 18 Mai 1926 (âge 24) Peñarol Uruguay 1950
0%
DF Julio Olarticoechea 18 Octobre 1958 (âge 27) Boca Juniors Argentine 1986
0%
DF Jupp Kapellmann 19 Décember 1949 (âge 24) Bayern Munich Allemagne de l'Ouest 1974
0%
DF Jurandir 12 Novembre 1940 (âge 21) São Paulo Brésil 1962
0%
MF Karl-Heinz Metzner 9 Janvier 1923 (âge 31) KSV Hessen Kassel Allemagne de l'Ouest 1954
0%
DF Luigi Allemandi 18 Novembre 1903 (âge 30) Ambrosiana-Inter Italie 1934
0%
MF Luigi Bertolini 13 Septembre 1904 (âge 29) Juventus Italie 1934
0%
DF Luis Galván 24 Février 1948 (âge 30) Talleres de Córdoba Argentine 1978
0%
GK Luis Islas 22 Décember 1965 (âge 20) Estudiantes La Plata Argentine 1986
0%
FW Luis Rijo 28 Septembre 1927 (âge 22) Central Uruguay 1950
0%
MF Marcelo Trobbiani 17 Février 1955 (âge 31) Elche Argentine 1986
0%
DF Marco Antônio 6 Février 1951 (âge 19) Fluminense Brésil 1970
0%
MF Mario Genta 1 Mars 1912 (âge 26) Genoa Italie 1938
0%
MF Mario Perazzolo 7 Juin 1911 (âge 26) Genoa Italie 1938
0%
MF Mario Pizziolo 7 Décember 1909 (âge 24) Fiorentina Italie 1934
0%
MF Mario Varglien 26 Décember 1905 (âge 28) Juventus Italie 1934
0%
MF Martin Peters 8 Novembre 1943 (âge 22) West Ham United Angleterre 1966
0%
MF Mengálvio 17 Décember 1939 (âge 22) Santos Brésil 1962
0%
MF Michele Andreolo 6 Septembre 1912 (âge 25) Bologna Italie 1938
0%
GK Miguel Capuccini 5 Janvier 1904 (âge 26) Peñarol Uruguay 1930
0%
MF Miguel Oviedo 12 Octobre 1950 (âge 27) Talleres de Córdoba Argentine 1978
0%
MF Moacir 18 Mai 1936 (âge 22) Flamengo Brésil 1958
0%
DF Néstor Clausen 29 Septembre 1962 (âge 23) Independiente Argentine 1986
0%
MF Nobby Stiles 18 Mai 1942 (âge 24) Manchester United Angleterre 1966
0%
GK Norbert Nigbur 8 Mai 1948 (âge 26) Schalke 04 Allemagne de l'Ouest 1974
0%
MF Omar Larrosa 18 Novembre 1947 (âge 30) Independiente Argentine 1978
0%
MF Oreco 13 Juin 1932 (âge 25) Corinthians Brésil 1958
0%
DF Orlando 20 Septembre 1935 (âge 22) Vasco da Gama Brésil 1958
0%
DF Oscar Garré 9 Décember 1956 (âge 29) Ferro Carril Oeste Argentine 1986
0%
FW Oscar Míguez 5 Décember 1927 (âge 22) Peñarol Uruguay 1950
0%
FW Oscar Ortiz 8 Avril 1953 (âge 25) River Plate Argentine 1978
0%
FW Pablo Dorado 22 Juin 1908 (âge 22) Bella Vista Uruguay 1930
0%
MF Paul Mebus 9 Juin 1920 (âge 34) 1. FC Köln Allemagne de l'Ouest 1954
0%
MF Paulo Cézar 16 Juin 1949 (âge 20) Botafogo Brésil 1970
0%
FW Pedro Pasculli 17 Mai 1960 (âge 26) Lecce Argentine 1986
0%
FW Pedro Petrone 11 Mai 1905 (âge 25) Nacional Uruguay 1930
0%
GK Peter Bonetti 27 Septembre 1941 (âge 24) Chelsea Angleterre 1966
0%
MF Piazza 25 Février 1943 (âge 27) Cruzeiro Brésil 1970
0%
FW Piero Pasinati 21 Juillet 1910 (âge 27) Triestina Italie 1938
0%
FW Pietro Arcari 2 Décember 1909 (âge 24) Milan Italie 1934
0%
DF Pietro Rava 21 Janvier 1916 (âge 22) Juventus Italie 1938
0%
MF Pietro Serantoni 11 Décember 1906 (âge 31) Roma Italie 1938
0%
DF Pietro Vierchowod 6 Avril 1959 (âge 23) Fiorentina Italie 1982
0%
FW Raimundo Orsi 2 Décember 1901 (âge 32) Juventus Italie 1934
0%
DF Ray Wilson 17 Décember 1934 (âge 31) Everton Angleterre 1966
0%
MF Renato Olmi 12 Juillet 1914 (âge 23) Ambrosiana-Inter Italie 1938
0%
FW René Houseman 19 Juillet 1953 (âge 24) Huracán Argentine 1978
0%
MF Ricardo Bochini 25 Janvier 1954 (âge 32) Independiente Argentine 1986
0%
MF Ricardo Giusti 11 Décember 1956 (âge 29) Independiente Argentine 1986
0%
GK Ricardo La Volpe 6 Février 1952 (âge 26) San Lorenzo Argentine 1978
0%
FW Richard Herrmann 28 Janvier 1923 (âge 31) FSV Frankfurt Allemagne de l'Ouest 1954
0%
FW Roberto Miranda 31 Juillet 1944 (âge 25) Botafogo Brésil 1970
0%
MF Ron Flowers 28 Juillet 1934 (âge 31) Wolverhampton Wanderers Angleterre 1966
0%
GK Ron Springett 22 Juillet 1935 (âge 30) Sheffield Wednesday Angleterre 1966
0%
GK Roque Máspoli 12 Octobre 1917 (âge 32) Peñarol Uruguay 1950
0%
MF Rubén Galván 7 Avril 1952 (âge 26) Independiente Argentine 1978
0%
DF Rubén Pagnanini 31 Janvier 1949 (âge 29) Independiente Argentine 1978
0%
FW Santos Iriarte 2 Novembre 1902 (âge 27) Racing Club Uruguay 1930
0%
FW Santos Urdinarán 30 Mars 1900 (âge 30) Nacional Uruguay 1930
0%
FW Sergio Almirón 18 Novembre 1958 (âge 27) Newell's Old Boys Argentine 1986
0%
FW Terry Paine 23 Mars 1939 (âge 27) Southampton Angleterre 1966
0%
FW Ulrich Biesinger 6 Août 1933 (âge 20) BC Augsburg Allemagne de l'Ouest 1954
0%
DF Umberto Caligaris 26 Juillet 1901 (âge 32) Juventus Italie 1934
0%
DF Virginio Rosetta 25 Février 1902 (âge 32) Juventus Italie 1934
0%
MF Washington Ortuño 13 Mai 1928 (âge 22) Peñarol Uruguay 1950
0%
DF Werner Kohlmeyer 19 Avril 1924 (âge 30) 1. FC Kaiserslautern Allemagne de l'Ouest 1954
0%
DF Werner Liebrich 18 Janvier 1927 (âge 27) 1. FC Kaiserslautern Allemagne de l'Ouest 1954
0%
GK Wolfgang Kleff 16 Novembre 1946 (âge 27) Borussia Mönchengladbach Allemagne de l'Ouest 1974
0%
MF Zequinha 18 Novembre 1934 (âge 27) Palmeiras Brésil 1962
0%
FW Zoilo Saldombide 26 Octobre 1903 (âge 26) Nacional Uruguay 1930
0%
MF Zózimo 19 Juin 1932 (âge 25) Bangu Brésil 1958
0%
DF Zózimo 19 Juin 1932 (âge 29) Bangu Brésil 1962
0%
Aucun quiz correspondant
Distribution des résultats
% des personnes avec chaque résultat
Percentile par nombre de réponses
Votre historique - résultats
Vous n’avez pas pris ce quiz